<?xml version="1.0" encoding="UTF-8"?>
<marc:record xmlns:marc="http://www.loc.gov/MARC21/slim">
   <marc:leader>00000nam a2200000 a 4500</marc:leader>
   <marc:datafield ind1="1" ind2=" " tag="100">
      <marc:subfield code="a">Cymes, Michel</marc:subfield>
      <marc:subfield code="4">aut</marc:subfield>
      <marc:subfield code="e">Verfasser/-in</marc:subfield>
   </marc:datafield>
   <marc:datafield ind1=" " ind2=" " tag="653">
      <marc:subfield code="a">Giulia Enders</marc:subfield>
   </marc:datafield>
   <marc:datafield ind1=" " ind2=" " tag="653">
      <marc:subfield code="a">Darm mit Charme</marc:subfield>
   </marc:datafield>
   <marc:datafield ind1=" " ind2=" " tag="653">
      <marc:subfield code="a">Zucker</marc:subfield>
   </marc:datafield>
   <marc:datafield ind1=" " ind2=" " tag="653">
      <marc:subfield code="a">Haut nah</marc:subfield>
   </marc:datafield>
   <marc:datafield ind1=" " ind2=" " tag="653">
      <marc:subfield code="a">Yael Adler</marc:subfield>
   </marc:datafield>
   <marc:datafield ind1=" " ind2=" " tag="653">
      <marc:subfield code="a">Michalsen</marc:subfield>
   </marc:datafield>
   <marc:datafield ind1=" " ind2=" " tag="653">
      <marc:subfield code="a">Eckart von Hirschhausen</marc:subfield>
   </marc:datafield>
   <marc:datafield ind1=" " ind2=" " tag="653">
      <marc:subfield code="a">Depression</marc:subfield>
   </marc:datafield>
   <marc:datafield ind1=" " ind2=" " tag="653">
      <marc:subfield code="a">Digital Detox</marc:subfield>
   </marc:datafield>
   <marc:datafield ind1="0" ind2="0" tag="245">
      <marc:subfield code="a">Kleinhirn an Großhirn</marc:subfield>
   </marc:datafield>
   <marc:datafield ind1="0" ind2="0" tag="245">
      <marc:subfield code="b">alles über unsere Denkfabrik und wie wir sie am Laufen halten</marc:subfield>
   </marc:datafield>
   <marc:datafield ind1="0" ind2="0" tag="245">
      <marc:subfield code="c">Michel Cymes ; mit Patrice Romedenne ; aus dem Französischen von Elisabeth Liebl</marc:subfield>
   </marc:datafield>
   <marc:datafield ind1=" " ind2="1" tag="264">
      <marc:subfield code="a">München</marc:subfield>
      <marc:subfield code="b">Goldmann</marc:subfield>
   </marc:datafield>
   <marc:datafield ind1=" " ind2=" " tag="250">
      <marc:subfield code="a">1. Auflage, deutsche Erstausgabe</marc:subfield>
   </marc:datafield>
   <marc:datafield ind1="1" ind2=" " tag="520">
      <marc:subfield code="a">Angaben aus der Verlagsmeldung

Kleinhirn an Großhirn : Alles über unsere Denkfabrik und wie wir sie am Laufen halten - Der Bestseller aus Frankreich Votre cerveau / von Michel Cymes

Wie wir unser Gehirn fit halten Schritt für Schritt.

Zwischen unseren Ohren befindet sich eines unser faszinierendsten Organe: das Gehirn. Rund 1,5 Kilogramm schwer, sorgt diese graue Masse dafür, dass in unserem Körper tagein, tagaus alles reibungslos funktioniert – vom Arm bis zum Zwölffingerdarm. Umso wichtiger, dass wir es pfleglich behandeln, nur so bleiben wir lange leistungsfähig und gesund. Genau hier setzt der französische Mediziner und Bestsellerautor Michel Cymes mit seinem lustigen lehrreichen Anti-Aging-Ratgeber an: Basierend auf den neuesten neurologischen Erkenntnissen erfahren wir unter anderem, wie man mit Alltagstätigkeiten seine grauen Zellen trainiert oder Haferflocken echtes Brainfood sind. Abgerundet wird dieses praxisnahe Betriebsanleitung mit zahlreichen Tipps sowie einem Kapitel zu den häufigsten Krankheiten wie Depression oder Alzheimer.

</marc:subfield>
   </marc:datafield>
   <marc:datafield ind1=" " ind2=" " tag="020">
      <marc:subfield code="a">9783442222360</marc:subfield>
      <marc:subfield code="9">9783442222360</marc:subfield>
   </marc:datafield>
   <marc:datafield ind1=" " ind2=" " tag="020">
      <marc:subfield code="a">3442222362</marc:subfield>
      <marc:subfield code="9">3442222362</marc:subfield>
   </marc:datafield>
   <marc:datafield ind1=" " ind2=" " tag="041">
      <marc:subfield code="a">ger</marc:subfield>
   </marc:datafield>
   <marc:datafield ind1=" " ind2=" " tag="300">
      <marc:subfield code="a">283 Seiten</marc:subfield>
   </marc:datafield>
</marc:record>
